|
|
|
|
| LEADER |
00652cam a2200157ua 4500 |
| 082 |
|
|
|a 894.812 4M
|b BAL/N
|
| 100 |
0 |
|
|a ബാലകൃഷ്ണൻ, കല്പറ്റ
|
| 245 |
1 |
0 |
|a നിരൂപകന്റെ വിശ്വദർശനം /
|
| 260 |
|
|
|a Thiruvananthapuram:
|b Kerala Bhasha Institute,
|c 1998.
|
| 300 |
|
|
|a 123p..
|
| 650 |
|
|
|a Niruupakante Viswadarshanam
|a Malayalam literature
|
| 650 |
0 |
|
|a Malayalam Essays
|a Malayalam literature
|
| 700 |
|
|
|a Balakrishnan, Kalpetta
|
| 942 |
|
|
|c BK
|
| 999 |
|
|
|c 11288
|d 11288
|
| 952 |
|
|
|0 0
|1 0
|4 0
|6 894_812000000000000_4M_BAL
|7 0
|9 11774
|a KUCL
|b KUCL
|d 2014-05-23
|l 0
|o 894.812 4M BAL/
|p 13161
|r 2014-05-23
|w 2014-05-23
|y BK
|